01355nac a22003737a 4500001001000000003000900010005001700019008003400036040005400070072000800124090001900132100001900151100001600170100002000186100001800206100002100224100001900245110007500264245014700339260003800486300001000524490007600534500004700610650001200657650001200669650002500681650002500706650001000731650001100741909004700752942001700799999001900816952014600835BR0202591BR-BrBNA20240105122648.0230509b bl.|||m| |||| 00| 0 por d aBR-BrBNAbporcBiblioteca Nacional de Agricultura aF30 a3290 BR02025911 aSilva, J.A. da1 aLeite, E.J.1 aSalomão, A.N.1 aFaiad, M.G.R.1 aFerreira, D.N.M.1 aValois, A.C.C.1 aEMBRAPA Recursosa Genéticos e Biotecnologia, Brasília, DF (Brasil)1 aBanco de germoplasma de espécies florestais nativas do campo experimental de sucupira aroeira (Myracrodruon urundeuva Fr. All.)Anacardiaceae3 aBrasília, DF (Brasil): c2001.  a46 p. aBanco de Germoplasma de Espécies Florestais Nativas (Brazil)vno. 1x aBibliography p. 41-46; 6 tables; 10 illus. aAROEIRA aSEMENTE aESSÊNCIA FLORESTAL aBANCO DE GERMOPLASMA aFUNGO aINSETO a202312bLúcia Elandec55dLúcia Elande 2AGRISn0cMS c292186d292186 002AGRIS40708Acervo Gerala41918b41918cAGROBASEl0o3290 BR0202591p3290 BR0202591r2023-12-18yMSePortaria Interministerial nº 164/94